| 000 | 00883nam a2200265Ia 4500 | ||
|---|---|---|---|
| 003 | OSt | ||
| 005 | 20220925195505.0 | ||
| 006 | a|||||r|||| 00| 0 | ||
| 007 | ta | ||
| 008 | 220923b |||||||| |||| 00| 0 eng d | ||
| 020 |
_a97816084604411 _c1277.53 |
||
| 037 |
_b45105, 12/10/2015, Segment Book Distributors _cGeneral Book |
||
| 040 |
_aRTL _cRTL _beng |
||
| 041 |
_2eng _aeng |
||
| 082 | _aY:47.5, P5 | ||
| 100 |
_aPODOBNIK Bruce _9254690 |
||
| 245 | 0 |
_aTransforming globalization _b Challenges and opportunities in the post 9/11 era. |
|
| 260 |
_aChicago _bHeymarket Books _c2009 |
||
| 300 |
_a203p _ccm. |
||
| 500 | _aBibliography: 182-195p. | ||
| 650 | _aSociology | ||
| 700 |
_a REIFER Thomas _9254691 |
||
| 942 |
_hY:47.5, P5 _cGB _2CC |
||
| 999 |
_c533115 _d533115 |
||